000 00987nam a2200241 a 4500
001 000025664
005 20200930023944.0
008 110218s1974 cl ad r 000 0 spa d
040 _aDO-SdBNP
_bspa
_cBNPHU
082 _axxxxx
_bR175e
100 1 _aRamos, Joseph R.
_952409
245 1 0 _aEconomía y trabajo en América Latina /
_cJoseph R. Ramos ; prólogo Albert G. Hart ; traducción Carlos Aníbal Leal.
260 _aBuenos Aires, Chile :
_bMarymar,
_c1974.
300 _a249 p. :
_bil., diagrs. ;
_c23 cm.
490 1 _aBiblioteca de economía
500 _aIncluye referencias bibliográficas p. [243-249].
504 _aIncluye referencias bibliográficas y notas al pie de las páginas.
534 _pTítulo original :
_tLabor and development in Latin America.
_cNew York : Columbia University Press, 1968, 1970.
700 1 _aHart, Albert G.,
_epról.
_952410
700 1 _aLeal, Carlos Aníbal,
_etr.
_952411
830 0 _aBiblioteca de economía
_952412
049 _aBNGR
999 _c25156
_d25156